000 00559nam a2200157Ia 4500
005 20241023042429.0
008 240331s9999 xx 000 0 und d
020 _a0415164494
082 _bPOS
_a822
245 0 _aPostcolonial plays :
_ban anthology
260 _aLondon And New York
_bRoutledge
_c2001
300 _axiv, 469 p .,
500 _aThis Collection of Contemporary postcolonial plays Demonstrates the extraordinary vitality of work that is currently influencing the shape of contemporary world theatre.
700 _aGilbert, H.
_eedt
942 _cL
999 _c3335
_d3335